000 00294nam a22001337a 4500
008 181008b xxu||||| |||| 00| 0 eng d
020 _amurrmed0301
041 _aeng
080 _24th
_a579
100 _a11
101 _aMIK
245 _aMedical Microbiology
_cMurray,P.R
942 _2udc
_cBK
999 _c49028
_d49028